Netflix's Cobra Kai (2018-Present) Characters - Statistics

General Stats
  • This quiz has been taken 526 times
  • The average score is 16 of 25
Answer Stats
Hint Answer % Correct
Ralph Macchio Daniel LaRusso
99%
William Zabka Johnny Lawrence
98%
Xolo Maridueña Miguel Diaz
98%
Mary Mouser Samantha LaRusso
98%
Jacob Bertrand Hawk/ Eli Moskowitz
97%
Tanner Buchanan Robby Keene
96%
Peyton List Tory Nichols
95%
Martin Kove John Kreese
92%
Courtney Henggeler Amanda LaRusso
85%
Gianni DeCenzo Demetri
81%
Nichole Brown Aisha Robinson
75%
Hannah Kepple Moon
75%
Thomas Ian Griffin Terry Silver
75%
Vanessa Rubio Carmen Diaz
66%
Yuji Okumoto Chozen
66%
Joe Seo Kyler
63%
Elizabeth Shue Ali Mills
49%
Rose Bianco Rosa
37%
Paul Walter Hauser Raymond
32%
Tamlyn Tomita Kumiko
29%
Dan Ahdoot Anoush
28%
Ed Asner Sid Weinberg
25%
Ron Thomas Bobby
23%
Randee Heller Lucille LaRusso
19%
Bret Ernst Louise LaRusso Jr.
4%
No matching quizzes found
Score Distribution
Percent of People with Each Score
Percentile by Number Answered
Your Score History
You have not taken this quiz